000 00946nam a2200277 a 4500
005 20240802115229.0
008 100708t2017 sp a f |||| 001 0 spa d
020 _a9788491130765
041 _aspa
092 _c616.01
_l54
_sMUR
100 1 _aMurray, Patrick R.
_9717
245 _aMicrobiología Médica /
_cPatrick R. Murray.
250 _a8a ed.
_bRevisión Alberto Delgado-Iribarren García-Campos
260 _aBarcelona:
_bElsevier;
_c2017.
300 _a836 p.
_bil.
500 _aMurray, P. R., Rosenthal, K. S. y Pfaller, M. A. (2017). Microbiología Médica. (8a ed.). Barcelona : Elsevier.
653 _aPrincipios generales del diagnóstico de laboratorio
653 _aConceptos básicos de respuesta inmunitaria
653 _aBacteriología
653 _aVirología
653 _aMicología
653 _aParasitología
700 1 _aRosenthal, Ken S.
_9718
700 1 _aPfaller, Michael A.
_9719
942 _2ddc
_cBK
999 _c2811
_d2811